000 00302nam a22001337a 4500
008 181002b xxu||||| |||| 00| 0 eng d
020 _a0805347917
041 _aeng
080 _29th
_a579
100 _a11
101 _aMIK
245 _aMicrobiology an introduction
_cTortora,G.J
942 _2udc
_cBK
999 _c48770
_d48770